Среща (Запис номер 361898)
[ съкратено ]
| 000 -Лидер | |
|---|---|
| Контролно поле с фиксирана дължина | ncm a22 a 4500 |
| 003 - Код на организацията, давaща контролен номер | |
| Контролно поле | BLK |
| 005 - Дата и час на последна редакция | |
| Контролно поле | 20201007040753.0 |
| 008 - Елементи от данни с фиксирана дължина | |
| fixed length control field | 200401b bu ||||| |||| 00| 0 bu d |
| 040 ## - Източник на каталожния запис | |
| Идентификатор на билиотеката - собственик на записа | BLK |
| 041 ## - Код за език | |
| Код за езика на текст/звукозапис или на отделно заглавие | Български |
| Код за езика КДБФ | Български |
| 080 ## - УДК | |
| Текстов определител УДК | Вокална музика |
| УДК код - определител по УДК | 784 |
| УДК - код + определител | 784 |
| 100 ## - Редна дума - Автор | |
| Автор | Обретенов, Светослав |
| Авторска отговорност | първи автор |
| R(LIN) | 1299 |
| 139 ## - Редно поле | |
| Редна дума | Обретенов, Светослав |
| Авторски знак | Обре - О 18 |
| 245 ## - Сведения за заглавието | |
| Заглавие | Среща |
| Редно поле (дума) | Светослав Обретенов; текст Младен Исаев |
| Подзаглавни данни | За висок глас и пиано |
| 260 ## - Област на издателските данни | |
| 9 (RLIN) | 209548 |
| Място на издаване, разпространение и проч. | София |
| Име на издателя, разпространителя и проч. | Наука и изкуство |
| Година на издаване | 1953 |
| 300 ## - Физическа характеристика | |
| Страници | 5 с. |
| Размери/Мащаб | 30 см |
| Илюстрации и др. | с ноти |
| 380 ## - Жанр | |
| Жанр | Изкуство |
| 650 #7 - Допълнително описание по предмет – тема | |
| 9 (RLIN) | 166108 |
| Основно описание – тема или топоним | Песни |
| 653 #7 - Ключова дума – ненормативна | |
| 9 (RLIN) | 193730 |
| Ключова дума | пиано |
| 653 #7 - Ключова дума – ненормативна | |
| 9 (RLIN) | 183324 |
| Ключова дума | висок глас |
| 700 ## - Други автори (авторска отговорност) | |
| 9 (RLIN) | 1581 |
| Лично име | Младенов, Младен Исаев |
| Автороска отговорност (Описва отношението между автора и произведението) | текст |
| 852 ## - Местоположение | |
| Форматна сигнатура | Цб М ІІ 525 |
| Фондова буква | Хранилище |
| 999 ## - СИСТЕМНИ КОНТРОЛНИ НОМЕРА | |
| Koha biblionumber | 361898 |
| Koha biblioitemnumber | 361898 |
| 942 ## - АРТИКУЛИ | |
| Вид на библиотечния материал | Нотни издания |
| Скрит в OPAC | Не |
| Периодичен библиозапис | Да |
| 944 ## - СЪЗДАВАНЕ И РЕДАКЦИЯ на ЗАПИСА | |
| Създаване/Редакция | Създаване |
| Дата на регистрацията/редакция | 2020-05-13 |
| Статус, дата на статуса | 2020-05-13 |
| Служител, извършил регистрацията/редакцията | Атанаска Минкова |
| 999 ## - СИСТЕМНИ КОНТРОЛНИ НОМЕРА | |
| Koha biblioitemnumber | 361898 |
| 999 ## - СИСТЕМНИ КОНТРОЛНИ НОМЕРА | |
| Koha biblioitemnumber | 361896 |
| 999 ## - СИСТЕМНИ КОНТРОЛНИ НОМЕРА | |
| Koha biblioitemnumber | 356903 |
| 999 ## - СИСТЕМНИ КОНТРОЛНИ НОМЕРА | |
| Koha biblioitemnumber | 356903 |
| 999 ## - СИСТЕМНИ КОНТРОЛНИ НОМЕРА | |
| Koha biblioitemnumber | 356902 |
| 999 ## - СИСТЕМНИ КОНТРОЛНИ НОМЕРА | |
| Koha biblioitemnumber | 356902 |
| 999 ## - СИСТЕМНИ КОНТРОЛНИ НОМЕРА | |
| Koha biblioitemnumber | 356894 |
| 999 ## - СИСТЕМНИ КОНТРОЛНИ НОМЕРА | |
| Koha biblioitemnumber | 356894 |
| 999 ## - СИСТЕМНИ КОНТРОЛНИ НОМЕРА | |
| Koha biblioitemnumber | 356889 |
| 999 ## - СИСТЕМНИ КОНТРОЛНИ НОМЕРА | |
| Koha biblioitemnumber | 356889 |
| 999 ## - СИСТЕМНИ КОНТРОЛНИ НОМЕРА | |
| Koha biblioitemnumber | 350259 |
| 999 ## - СИСТЕМНИ КОНТРОЛНИ НОМЕРА | |
| Koha biblioitemnumber | 350256 |
| Код за отписване | Код за изгубен артикул | Източник на класификационната схема | Код за повреда | Коз за рестрикции | Код за отдаване | Артикулен № | Име на библиотеката - собственик | Име на библиотеката, в която се намира в момента | Статус (Текущо местоположение) | Дата на вписване в системата | Местоположение - отдел | Цена в лева | Инвентарен номер | Систематично азбучна сигнатура | Баркод | Цена в евро | Служебен тип на артикула |
|---|---|---|---|---|---|---|---|---|---|---|---|---|---|---|---|---|---|
| Не е изгубен | Universal Decimal Classification | Не е повреден | само за читалня | ползва се в читалня | 770674 | Регионална библиотека "Любен Каравелов" Русе | Регионална библиотека "Любен Каравелов" Русе | Хранилище | 2020-05-20 | Хранилище | 0.29 | 6816/57 | Цб М ІІ 525 | 900000010435 | 0.15 | Нотни издания |